Geography Quiz

Random Geography or Asia Quiz
Score 0/10 Timer 05:00
0 Plays Today
Hint Answer % Correct
What country is famous for Angkor Wat?Cambodia
94.4%
Former colonial name for Sri LankaCeylon
78.7%
The biggest lake in AsiaCaspian Sea
66.3%
Indian city on the east coast, straddling the Bay of BengalChennai
53.9%
What mountain range extends from the Black Sea to the Caspian sea, with Mount Elbrus as its peak?Caucasus Mountains
53.9%
A federal subject of Russia, the site of two bloody wars since the breakup of the former Soviet UnionChechnya
49.4%
City in China famous for its panda breeding and conservation center, located in the Sichuan provinceChengdu
41.6%
Popular resort island in the PhilippinesCebu
40.4%
Body of water that stretches north from Mindanao Island of the Philippines, west to Borneo and south to Sulawesi Celebes Sea
33.7%
Sixth largest mountain in the world, part of the Himalaya RangeCho Oyu
24.7%
Remove Ads.
Support Sporcle.
Get the best of Sporcle when you Go Orange. This ad-free experience offers more features, more stats, and more fun while also helping to support Sporcle. Thank you for becoming a member.

You're not logged in!

Compare scores with friends on all Sporcle quizzes.
OR
Log In

Sporcle TV

Today on Sporcle TV


Watch our educational content, quiz creation guides, and fun videos on Sporcle TV.

Show Comments

Extras

Created Nov 19, 2017ReportNominate
Tags:Asia Quiz, Trivia

Top Quizzes Today


Score Distribution

Paid Content

Your Account Isn't Verified!

In order to create a playlist on Sporcle, you need to verify the email address you used during registration. Go to your Sporcle Settings to finish the process.

Report this User

Report this user for behavior that violates our Community Guidelines.

Details: